[Event "Reykjavik Open 2025"]
[Site "Reykjavik, Iceland"]
[Date "2025.04.11"]
[Round "4.12"]
[White "Stefansson, Vignir Vatnar"]
[Black "Bekker, Stefan"]
[Result "0-1"]
[WhiteElo "2536"]
[BlackElo "2358"]
[PlyCount "138"]
[EventDate "2025.??.??"]
[TimeControl "90+30"]
[WhiteClock "0:28:22"]
[BlackClock "0:08:36"]

1. e4 {[%emt 0:00:00]} c5 {[%emt 0:00:00]} 2. c3 {[%emt 0:00:00]} d5 {[%emt 0:
00:00]} 3. exd5 {[%emt 0:00:00]} Qxd5 {[%emt 0:00:00]} 4. d4 {[%emt 0:00:00]}
Nf6 {[%emt 0:00:00]} 5. Nf3 {[%emt 0:00:00]} e6 {[%emt 0:00:00]} 6. Bd3 {
[%emt 0:00:00]} Be7 {[%emt 0:00:00]} 7. O-O {[%emt 0:00:00]} O-O {[%emt 0:00:
00]} 8. c4 {[%emt 0:00:00]} Qd8 {[%emt 0:00:00]} 9. dxc5 {[%emt 0:00:00]} Na6 {
[%emt 0:00:00]} 10. c6 {[%emt 0:00:00]} Nb4 {[%emt 0:00:00]} 11. cxb7 {[%emt 0:
00:00]} Bxb7 {[%emt 0:00:00]} 12. Be2 {[%emt 0:00:00]} Qc7 {[%emt 0:00:00]} 13.
h3 {[%emt 0:00:00]} Rfd8 {[%emt 0:00:00]} 14. Qb3 {[%emt 0:00:00]} Be4 {
[%emt 0:00:00]} 15. Ne1 {[%emt 0:00:00]} Rab8 {[%emt 0:00:00]} 16. Qe3 {
[%emt 0:00:00]} Bxb1 {[%emt 0:00:00]} 17. Rxb1 {[%emt 0:00:00]} Nxa2 {[%emt 0:
00:00]} 18. Nc2 {[%emt 0:00:00]} Bd6 {[%emt 0:00:00]} 19. Qf3 {[%emt 0:00:00]}
Nxc1 {[%emt 0:00:00]} 20. Rfxc1 {[%emt 0:00:00]} a5 {[%emt 0:00:00]} 21. Rd1 {
[%emt 0:00:00]} Bc5 {[%emt 0:00:00]} 22. b3 {[%emt 0:00:00]} Qe5 {[%emt 0:00:
00]} 23. Bd3 {[%emt 0:00:00]} h5 {[%emt 0:00:00]} 24. Re1 {[%emt 0:00:00]} Qg5
{[%emt 0:00:00]} 25. Ra1 {[%emt 0:00:00]} Bxf2+ {[%emt 0:00:00]} 26. Kxf2 {
[%emt 0:02:11]} Qd2+ {[%emt 0:00:00]} 27. Re2 {[%emt 0:00:01]} Qxd3 {[%emt 0:
00:00]} 28. Ra3 {[%emt 0:00:09]} Qd6 {[%emt 0:00:00]} 29. Qe3 {[%emt 0:00:41]}
h4 {[%emt 0:00:00]} 30. Qe5 {[%emt 0:02:59]} Qd3 {[%emt 0:02:52]} 31. Ne1 {
[%emt 0:00:00]} Qb1 {[%emt 0:01:17]} 32. Qe3 {[%emt 0:04:14]} Rd1 {[%emt 0:02:
38]} 33. Rxa5 {[%emt 0:03:29]} Rxb3 {[%emt 0:02:20]} 34. Qf4 {[%emt 0:00:02]}
Rb8 {[%emt 0:01:04]} 35. Rg5 {[%emt 0:00:41]} Kf8 {[%emt 0:02:11]} 36. Qe5 {
[%emt 0:01:54]} Rc8 {[%emt 0:00:36]} 37. Qf4 {[%emt 0:01:44]} Qc1 {[%emt 0:01:
25]} 38. Qxh4 {[%emt 0:01:47]} Rxc4 {[%emt 0:00:36]} 39. Qh8+ {[%emt 0:00:03]}
Ke7 {[%emt 0:00:27]} 40. Rge5 {[%emt 0:00:06]} Qf4+ {[%emt 0:01:15]} 41. Kg1 {
[%emt 0:00:45]} Ne4 {[%emt 0:02:58]} 42. Qxg7 {[%emt 0:00:00]} Rxe1+ {[%emt 0:
00:00]} 43. Rxe1 {[%emt 0:00:00]} Qf2+ {[%emt 0:00:00]} 44. Kh2 {[%emt 0:00:00]
} Qxe1 {[%emt 0:00:00]} 45. Qg4 {[%emt 0:00:00]} Qe3 {[%emt 0:00:00]} 46. h4 {
[%emt 0:00:00]} f5 {[%emt 0:00:00]} 47. Rxe6+ {[%emt 0:00:00]} Kxe6 {[%emt 0:
00:00]} 48. Qg8+ {[%emt 0:00:00]} Ke5 {[%emt 0:00:00]} 49. Qxc4 {[%emt 0:00:00]
} Qg3+ {[%emt 0:00:00]} 50. Kg1 {[%emt 0:00:00]} Qe1+ {[%emt 0:00:00]} 51. Kh2
{[%emt 0:00:00]} Qxh4+ {[%emt 0:00:00]} 52. Kg1 {[%emt 0:00:00]} Qf2+ {[%emt 0:
00:00]} 53. Kh2 {[%emt 0:00:00]} Qg3+ {[%emt 0:00:00]} 54. Kg1 {[%emt 0:00:00]}
Qe3+ {[%emt 0:00:00]} 55. Kh2 {[%emt 0:00:00]} Qh6+ {[%emt 0:00:00]} 56. Kg1 {
[%emt 0:00:00]} Qb6+ {[%emt 0:00:00]} 57. Kh2 {[%emt 0:00:00]} Qd6 {[%emt 0:00:
00]} 58. Qf7 {[%emt 0:00:00]} Nf6 {[%emt 0:00:00]} 59. Kh3 {[%emt 0:00:00]}
Qd3+ {[%emt 0:00:31]} 60. g3 {[%emt 0:00:00]} Qd7 {[%emt 0:02:50]} 61. Qa2 {
[%emt 0:00:00]} Qd5 {[%emt 0:00:53]} 62. Qb1 {[%emt 0:00:00]} Ke6 {[%emt 0:00:
15]} 63. Qe1+ {[%emt 0:00:00]} Kf7 {[%emt 0:00:06]} 64. Qa1 {[%emt 0:00:00]}
Kg6 {[%emt 0:00:06]} 65. Qc1 {[%emt 0:00:00]} Qf3 {[%emt 0:00:39]} 66. Qb1 {
[%emt 0:00:00]} Ne4 {[%emt 0:01:15]} 67. Qg1 {[%emt 0:00:00]} Ng5+ {[%emt 0:00:
57]} 68. Kh2 {[%emt 0:00:00]} Qe2+ {[%emt 0:00:10]} 69. Kh1 {[%emt 0:00:00]}
Qe4+ {[%emt 0:00:03]} 0-1

[Event "Reykjavik Open 2025"]
[Site "Reykjavik, Iceland"]
[Date "2025.04.11"]
[Round "4.15"]
[White "Dushyant Sharma"]
[Black "Royal, Shreyas"]
[Result "0-1"]
[WhiteElo "2313"]
[BlackElo "2465"]
[PlyCount "90"]
[EventDate "2025.??.??"]
[TimeControl "90+30"]
[WhiteClock "0:25:14"]
[BlackClock "1:04:22"]

1. e4 {[%emt 0:00:00]} c5 {[%emt 0:00:00]} 2. Nf3 {[%emt 0:00:00]} Nc6 {
[%emt 0:00:00]} 3. d4 {[%emt 0:00:00]} cxd4 {[%emt 0:00:00]} 4. Nxd4 {[%emt 0:
00:00]} Nf6 {[%emt 0:00:00]} 5. Nc3 {[%emt 0:00:00]} e5 {[%emt 0:00:00]} 6.
Ndb5 {[%emt 0:00:00]} d6 {[%emt 0:00:00]} 7. Bg5 {[%emt 0:00:00]} a6 {[%emt 0:
00:00]} 8. Na3 {[%emt 0:00:00]} b5 {[%emt 0:00:00]} 9. Bxf6 {[%emt 0:00:00]}
gxf6 {[%emt 0:00:00]} 10. Nd5 {[%emt 0:00:00]} f5 {[%emt 0:00:00]} 11. c3 {
[%emt 0:00:00]} Bg7 {[%emt 0:00:00]} 12. exf5 {[%emt 0:00:00]} Bxf5 {[%emt 0:
00:00]} 13. Nc2 {[%emt 0:00:00]} Be6 {[%emt 0:00:00]} 14. a4 {[%emt 0:00:00]}
Bxd5 {[%emt 0:00:00]} 15. Qxd5 {[%emt 0:00:00]} Ne7 {[%emt 0:00:00]} 16. Qf3 {
[%emt 0:00:00]} O-O {[%emt 0:00:00]} 17. axb5 {[%emt 0:00:00]} axb5 {[%emt 0:
00:00]} 18. Rxa8 {[%emt 0:00:00]} Qxa8 {[%emt 0:00:00]} 19. Qxa8 {[%emt 0:00:
00]} Rxa8 {[%emt 0:00:00]} 20. Kd1 {[%emt 0:00:00]} Nd5 {[%emt 0:00:00]} 21.
Kc1 {[%emt 0:00:00]} Rb8 {[%emt 0:00:00]} 22. Nb4 {[%emt 0:00:00]} Bh6+ {
[%emt 0:00:00]} 23. Kb1 {[%emt 0:00:07]} Nxb4 {[%emt 0:00:00]} 24. cxb4 {
[%emt 0:00:05]} Bd2 {[%emt 0:00:00]} 25. Bd3 {[%emt 0:02:26]} Bxb4 {[%emt 0:00:
00]} 26. Be4 {[%emt 0:01:13]} Bc5 {[%emt 0:00:00]} 27. f3 {[%emt 0:00:07]} Kg7
{[%emt 0:00:00]} 28. Kc2 {[%emt 0:02:39]} h5 {[%emt 0:00:00]} 29. Ra1 {[%emt 0:
02:56]} Kf6 {[%emt 0:00:00]} 30. Bd5 {[%emt 0:04:16]} h4 {[%emt 0:00:00]} 31.
g4 {[%emt 0:00:53]} Kg6 {[%emt 0:00:00]} 32. Kd3 {[%emt 0:01:40]} f5 {[%emt 0:
00:00]} 33. h3 {[%emt 0:01:04]} Kg5 {[%emt 0:00:00]} 34. Be6 {[%emt 0:00:32]}
fxg4 {[%emt 0:00:00]} 35. Bxg4 {[%emt 0:00:08]} Kf4 {[%emt 0:00:00]} 36. Ra6 {
[%emt 0:00:24]} b4 {[%emt 0:00:00]} 37. b3 {[%emt 0:00:31]} Re8 {[%emt 0:00:00]
} 38. Kc4 {[%emt 0:00:57]} Ke3 {[%emt 0:00:00]} 39. Ra1 {[%emt 0:00:30]} Rf8 {
[%emt 0:00:00]} 40. Rd1 {[%emt 0:00:15]} Rf4+ {[%emt 0:00:00]} 41. Kd5 {
[%emt 0:00:00]} Ke2 {[%emt 0:00:00]} 42. Rc1 {[%emt 0:00:00]} Rd4+ {[%emt 0:00:
00]} 43. Kc6 {[%emt 0:00:00]} Kd2 {[%emt 0:00:00]} 44. Rf1 {[%emt 0:00:00]} Rf4
{[%emt 0:00:00]} 45. Ra1 {[%emt 0:00:00]} Kc2 {[%emt 0:00:00]} 0-1

[Event "Reykjavik Open 2025"]
[Site "Reykjavik"]
[Date "2025.04.11"]
[Round "4.45"]
[White "Heimisson, Hilmir Freyr"]
[Black "Ponnio, Toni"]
[Result "1-0"]
[WhiteElo "2376"]
[WhiteFideId "2309998"]
[BlackElo "2103"]
[BlackFideId "509604"]
[Variant "Standard"]
[StudyName "ROpen - Rd4 - Boards 45-108"]
1. d4 Nf6 2. c4 g6 3. Nf3 Bg7 4. Nc3 O-O 5. Bg5 d6 6. e3 h6 7. Bh4 c5 8. d5 a6 9. a4 Qa5 10. Nd2 g5 11. Bg3 Bf5 12. Be2 Ne4 13. Ndxe4 Bxe4 14. O-O Bg6 15. Ra3 Nd7 16. f4 f5 17. Bd3 gxf4 18. exf4 Nf6 19. Qe2 Kh7 20. Kh1 Qc7 21. h3 Rae8 22. Raa1 e6 23. dxe6 Rxe6 24. Qxe6 Re8 25. Nd5 1-0

[Event "Reykjavik Open 2025"]
[Site "Reykjavik"]
[Date "2025.04.11"]
[Round "4.46"]
[White "Hartung, Thomas"]
[Black "Akesson, Ralf"]
[Result "0-1"]
[WhiteElo "2118"]
[WhiteFideId "24668273"]
[BlackElo "2361"]
[BlackFideId "1700120"]
[Variant "Standard"]
[StudyName "ROpen - Rd4 - Boards 45-108"]
1. e4 c5 2. Nf3 e6 3. d4 cxd4 4. Nxd4 Nc6 5. Nc3 Qc7 6. Be3 a6 7. Qd2 Nf6 8. f3 h5 9. O-O-O Be7 10. Be2 b5 11. Nxc6 Qxc6 12. e5 b4 13. Ne4 Nxe4 14. fxe4 Bb7 15. Bg5 f6 16. exf6 gxf6 17. Bh4 e5 18. Rhf1 O-O-O 19. Kb1 Kb8 20. g3 Qe6 21. Bf3 a5 22. Bg2 a4 23. b3 Rhf8 24. Qh6 Rc8 25. Qxh5 Rc3 26. Qf5 axb3 27. cxb3 Rxb3+ 28. Ka1 Qa6 29. Rf3 Qe2 30. Rxb3 Qxd1+ 31. Rb1 Qa4 32. Rb2 Rc8 33. Qf1 Rc2 0-1

[Event "Reykjavik Open 2025"]
[Site "Reykjavik"]
[Date "2025.04.11"]
[Round "4.47"]
[White "Lacroix, Romain"]
[Black "Lohia, Sohum"]
[Result "1/2-1/2"]
[WhiteElo "2101"]
[WhiteFideId "642592"]
[BlackElo "2354"]
[BlackFideId "5819369"]
[Variant "Standard"]
[StudyName "ROpen - Rd4 - Boards 45-108"]
1. d4 Nf6 2. Nf3 d5 3. c4 e6 4. cxd5 exd5 5. Qc2 c6 6. Bg5 Be7 7. e3 Ne4 8. Bxe7 Qxe7 9. Nc3 Bf5 10. Bd3 Nd7 11. O-O O-O 12. a3 Bg6 13. Nd2 Nxd2 14. Qxd2 Bxd3 15. Qxd3 g6 16. Rac1 Nb6 17. Qc2 f5 18. Ne2 a5 19. a4 Kg7 20. b3 Nc8 21. Qc5 Re8 22. Qxe7+ Rxe7 23. h4 h6 24. Nf4 g5 25. hxg5 hxg5 26. Nd3 Nd6 27. g3 Kf6 28. Kg2 Rh7 29. Rh1 Rhh8 30. Rxh8 Rxh8 31. Rc5 Ra8 32. Rc1 Rh8 33. Rc5 Ra8 34. Rc1 Rh8 1/2-1/2

[Event "Reykjavik Open 2025"]
[Site "Reykjavik"]
[Date "2025.04.11"]
[Round "4.48"]
[White "Beisteiner, Joachim"]
[Black "Migot, Tangi"]
[Result "0-1"]
[WhiteElo "2097"]
[WhiteFideId "1682296"]
[BlackElo "2347"]
[BlackFideId "662445"]
[Variant "Standard"]
[StudyName "ROpen - Rd4 - Boards 45-108"]
1. e4 e5 2. Nf3 Nc6 3. Bc4 Nf6 4. d3 Be7 5. O-O O-O 6. Re1 d6 7. a4 Be6 8. Nc3 Bxc4 9. dxc4 a5 10. Nd2 Nd7 11. Nf1 Nc5 12. Be3 Ne6 13. Nd5 Bg5 14. Ra3 Bxe3 15. Raxe3 Ncd4 16. c3 c6 17. cxd4 cxd5 18. dxe5 d4 19. Rh3 dxe5 20. Qh5 Ng5 21. Rb3 f6 22. f4 exf4 23. e5 Qe7 24. e6 Ra6 25. Rxb7 Qxb7 26. e7 Raa8 27. exf8=Q+ Rxf8 28. h4 Nf7 29. Qxa5 Qxb2 30. Qd5 Rd8 31. Qe4 Ne5 32. Rb1 Qc3 33. Rb7 d3 34. Qf5 Qxc4 35. Rb1 0-1

[Event "Reykjavik Open 2025"]
[Site "Reykjavik"]
[Date "2025.04.11"]
[Round "4.49"]
[White "Lohr, Matthias"]
[Black "Muetsch, Annmarie"]
[Result "1-0"]
[WhiteElo "2092"]
[WhiteFideId "4692772"]
[BlackElo "2329"]
[BlackFideId "12971367"]
[Variant "Standard"]
[StudyName "ROpen - Rd4 - Boards 45-108"]
1. e4 c6 2. d4 d5 3. e5 c5 4. dxc5 e6 5. Nf3 Bxc5 6. Bd3 Nc6 7. a3 Be7 8. b4 a6 9. Bb2 Nh6 10. Nbd2 b5 11. Qe2 f5 12. Nd4 Bd7 13. Qh5+ Nf7 14. Nxc6 Bxc6 15. Nb3 g6 16. Qe2 O-O 17. f4 Bd7 18. Bd4 Re8 19. O-O Bf8 20. Kh1 Bc6 21. Nc5 Qh4 22. c3 g5 23. g3 Qh3 24. Rg1 Nh6 25. Raf1 Bxc5 26. bxc5 Ng4 27. fxg5 Ra7 28. Qg2 Qh5 29. Be2 Rg7 30. Bxg4 fxg4 31. Rf4 Rxg5 32. Rgf1 Qg6 33. Qf2 Rf5 34. Rxf5 Qxf5 35. Qxf5 exf5 36. Rxf5 Re6 37. Rg5+ Rg6 38. Rf5 Bd7 39. Rf6 a5 40. Kg2 a4 41. Kf2 Kg7 42. Ke3 Rh6 43. e6 Be8 44. Rxh6+ 1-0

[Event "Reykjavik Open 2025"]
[Site "Reykjavik"]
[Date "2025.04.11"]
[Round "4.50"]
[White "Papadiamandis, Elliot"]
[Black "Mensing, Adrian"]
[Result "1-0"]
[WhiteElo "2315"]
[WhiteFideId "36074160"]
[BlackElo "2078"]
[BlackFideId "1043293"]
[Variant "Standard"]
[StudyName "ROpen - Rd4 - Boards 45-108"]
1. e4 c5 2. Nf3 d6 3. d4 cxd4 4. Nxd4 Nf6 5. Nc3 a6 6. Bg5 e6 7. f4 Be7 8. Qf3 Qc7 9. O-O-O Nbd7 10. g4 h6 11. Bxf6 Bxf6 12. h4 Nb6 13. g5 Bxd4 14. Rxd4 Qc5 15. Rd2 Bd7 16. Be2 Rc8 17. Rhd1 Bb5 18. f5 Bxe2 19. Rxe2 Nc4 20. fxe6 fxe6 21. Qg4 Qe5 22. Rd5 h5 23. Qf3 exd5 24. exd5 Ke7 25. Rxe5+ Nxe5 26. Qf5 Kd8 27. Ne4 Kc7 28. Nxd6 1-0

[Event "Reykjavik Open 2025"]
[Site "Reykjavik"]
[Date "2025.04.11"]
[Round "4.51"]
[White "Tessiore, Luca G"]
[Black "Sarkar, Justin"]
[Result "1/2-1/2"]
[WhiteElo "2087"]
[WhiteFideId "30974976"]
[BlackElo "2305"]
[BlackFideId "2010011"]
[Variant "Standard"]
[StudyName "ROpen - Rd4 - Boards 45-108"]
1. d4 Nf6 2. c4 e6 3. Nc3 Bb4 4. Qc2 d5 5. cxd5 exd5 6. Bg5 h6 7. Bh4 Nc6 8. e3 g5 9. Bg3 h5 10. Bd3 h4 11. Be5 Nxe5 12. dxe5 Nd7 13. a3 Bf8 14. Nxd5 c6 15. e6 Ne5 16. e7 Bxe7 17. Nxe7 Qxd3 18. Qxd3 Nxd3+ 19. Ke2 Nxf2 20. Nxc8 Nxh1 21. Nd6+ Kd7 22. Nxf7 Rhf8 23. Ne5+ Ke6 24. Ngf3 g4 25. Nxg4 Rg8 26. Nfe5 Rg5 27. Rxh1 Rag8 28. Ra1 Rxe5 29. Nxe5 Kxe5 30. Rg1 c5 31. g4 hxg3 32. hxg3 Ke4 33. g4 Rg5 34. a4 b6 1/2-1/2

[Event "Reykjavik Open 2025"]
[Site "Reykjavik"]
[Date "2025.04.11"]
[Round "4.52"]
[White "George Samir, David"]
[Black "Thorisson, Benedikt"]
[Result "1/2-1/2"]
[WhiteElo "2303"]
[WhiteFideId "10657789"]
[BlackElo "2065"]
[BlackFideId "2314576"]
[Variant "Standard"]
[StudyName "ROpen - Rd4 - Boards 45-108"]
1. e4 c5 2. Nf3 e6 3. d4 cxd4 4. Nxd4 a6 5. Bd3 Bc5 6. Nb3 Ba7 7. Nc3 Nc6 8. Qg4 Nf6 9. Qg3 d6 10. Bd2 b5 11. a3 Bb7 12. O-O Rc8 13. Kh1 Ne5 14. f4 Nc4 15. Rae1 Nxd2 16. Nxd2 O-O 17. e5 Ne8 18. Nde4 h6 19. f5 dxe5 20. f6 g6 21. Qh4 Rxc3 22. bxc3 Bxe4 23. Rxe4 Kh7 24. Rxe5 Nd6 25. Qh3 Nf5 26. g4 Qa8+ 27. Qf3 Ne3 28. Qxa8 Rxa8 29. Rf3 Nxg4 30. Re2 Bb8 31. Re4 Ne5 32. Rf1 Nxd3 33. cxd3 g5 34. a4 Bd6 35. Rd4 Be5 36. Rd7 Kg6 37. d4 Bf4 1/2-1/2

[Event "Reykjavik Open 2025"]
[Site "Reykjavik"]
[Date "2025.04.11"]
[Round "4.53"]
[White "Cigan, Jason"]
[Black "Golis, Wiktor"]
[Result "0-1"]
[WhiteElo "2044"]
[WhiteFideId "2064022"]
[BlackElo "2293"]
[BlackFideId "21055874"]
[Variant "Standard"]
[StudyName "ROpen - Rd4 - Boards 45-108"]
1. e4 e6 2. d4 d5 3. Nc3 Nf6 4. e5 Nfd7 5. f4 c5 6. Nf3 Nc6 7. Be3 a6 8. a3 Qc7 9. Qd2 Be7 10. dxc5 Nxc5 11. b4 Ne4 12. Nxe4 dxe4 13. Nd4 Bd7 14. c4 O-O 15. Be2 f6 16. exf6 Bxf6 17. Rd1 Nxd4 18. Bxd4 Ba4 19. Bxf6 Rxf6 20. Qd6 Qf7 21. Rd4 Rxf4 22. g3 Rf2 23. Bg4 Re8 24. Rxe4 Bc6 25. Bxe6 Bxe4 26. Bxf7+ Rxf7 27. Rg1 Bc6+ 28. Kd2 Rd7 0-1

[Event "Reykjavik Open 2025"]
[Site "Reykjavik"]
[Date "2025.04.11"]
[Round "4.54"]
[White "Pein, Malcolm"]
[Black "Vihaan, Karthikeya N"]
[Result "1/2-1/2"]
[WhiteElo "2282"]
[WhiteFideId "400289"]
[BlackElo "2024"]
[BlackFideId "25950673"]
[Variant "Standard"]
[StudyName "ROpen - Rd4 - Boards 45-108"]
1. d4 d5 2. Nf3 e6 3. c4 Be7 4. Nc3 Nf6 5. Bg5 O-O 6. e3 h6 7. Bh4 b6 8. cxd5 exd5 9. Rc1 Bb7 10. Bd3 Nbd7 11. O-O c5 12. Bb1 Re8 13. Ne5 Nxe5 14. dxe5 Ne4 15. Bxe7 Qxe7 16. f4 Rad8 17. Nxe4 dxe4 18. Qa4 Rd2 19. Rc2 Red8 20. Qxa7 Rxc2 21. Bxc2 Rd2 22. Rf2 Qd7 23. Bb3 Rxf2 24. Kxf2 Qd2+ 25. Kf1 Qc1+ 26. Kf2 Qd2+ 27. Kf1 Qd3+ 28. Kf2 Qd2+ 1/2-1/2

[Event "Reykjavik Open 2025"]
[Site "Reykjavik"]
[Date "2025.04.11"]
[Round "4.55"]
[White "Le Goff, Ronan"]
[Black "Arun, Nitish"]
[Result "1/2-1/2"]
[WhiteElo "2282"]
[WhiteFideId "612073"]
[BlackElo "2004"]
[BlackFideId "2524201"]
[Variant "Standard"]
[StudyName "ROpen - Rd4 - Boards 45-108"]
1. Nf3 Nf6 2. g3 b5 3. Bg2 Bb7 4. O-O e6 5. d4 Be7 6. a4 b4 7. c4 O-O 8. Nbd2 c5 9. Nb3 Na6 10. Bf4 Rc8 11. Rc1 Bc6 12. Ra1 Ba8 13. dxc5 Nxc5 14. Nxc5 Rxc5 15. Be3 Rxc4 16. Bxa7 Qa5 17. Bd4 Bxf3 18. Bxf3 e5 19. Be3 d5 20. Bg5 e4 21. Bg2 h6 22. Be3 Ng4 23. Bd4 Bf6 24. Bxf6 Nxf6 25. Qb3 Rfc8 26. Rfd1 Rc2 27. Bh3 R8c7 28. e3 R7c5 29. Rd4 Rc1+ 30. Rxc1 Rxc1+ 31. Rd1 Rxd1+ 32. Qxd1 Qc5 33. b3 Kf8 34. Qf1 Qb6 35. Qa1 Qa5 36. Qe5 Qb6 37. Qa1 Qa5 38. Qc1 Ke7 39. Qc8 Qa7 40. Bf1 Ne8 41. Bb5 Nd6 42. Qc6 d4 43. exd4 Qxd4 44. Qd7+ 1/2-1/2

[Event "Reykjavik Open 2025"]
[Site "Reykjavik"]
[Date "2025.04.11"]
[Round "4.56"]
[White "Colas, Joshua"]
[Black "Termeulen, Albert"]
[Result "1-0"]
[WhiteElo "2275"]
[WhiteFideId "2044447"]
[BlackElo "1999"]
[BlackFideId "1002686"]
[Variant "Standard"]
[StudyName "ROpen - Rd4 - Boards 45-108"]
1. d4 Nf6 2. c4 g6 3. Nc3 Bg7 4. e4 d6 5. Nge2 O-O 6. Ng3 e5 7. d5 c6 8. Be2 cxd5 9. cxd5 a5 10. h4 h5 11. Bg5 b5 12. Nxb5 a4 13. O-O Ba6 14. Qxa4 Nbd7 15. Qb4 Bxb5 16. Bxb5 Nc5 17. Bc6 Rb8 18. Qa3 Qb6 19. Qf3 Ncd7 20. Rfb1 Qd4 21. Ne2 Qc4 22. b3 Qa6 23. b4 1-0

[Event "Reykjavik Open 2025"]
[Site "Reykjavik"]
[Date "2025.04.11"]
[Round "4.57"]
[White "Ruiz Buendia, Miguel"]
[Black "Doran, Chris"]
[Result "1-0"]
[WhiteElo "2353"]
[WhiteFideId "24537675"]
[BlackElo "1957"]
[BlackFideId "503835"]
[Variant "Standard"]
[StudyName "ROpen - Rd4 - Boards 45-108"]
1. d4 Nf6 2. c4 g6 3. Nc3 Bg7 4. e4 d6 5. h3 O-O 6. Be3 e5 7. d5 a5 8. g4 Na6 9. Nge2 Nc5 10. Ng3 c6 11. Qd2 cxd5 12. cxd5 Bd7 13. g5 Ne8 14. h4 a4 15. h5 Qa5 16. Nb1 Qxd2+ 17. Kxd2 f5 18. h6 Bh8 19. f3 fxe4 20. fxe4 Rf3 21. Rg1 Rxg3 22. Bxc5 Rxg1 23. Bxg1 Nc7 24. Na3 Nxd5 { [%cal Ge4d5] } 25. Bc4 1-0

[Event "Reykjavik Open 2025"]
[Site "Reykjavik"]
[Date "2025.04.11"]
[Round "4.58"]
[White "Juodziukynas, Aidas"]
[Black "Thorfinnsson, Bragi"]
[Result "0-1"]
[WhiteElo "1956"]
[WhiteFideId "1562398"]
[BlackElo "2375"]
[BlackFideId "2300958"]
[Variant "Standard"]
[StudyName "ROpen - Rd4 - Boards 45-108"]
1. d4 Nf6 2. c4 e6 3. Nf3 d5 4. g3 Be7 5. Bg2 Ne4 6. O-O f5 7. Bf4 Nd7 8. Nc3 c6 9. Rc1 O-O 10. Qb3 Kh8 11. Ne5 Nxe5 12. dxe5 Bg5 13. Nxe4 fxe4 14. Bxg5 Qxg5 15. Qb4 Kg8 16. f4 exf3 17. Rc3 Qd8 18. Rcxf3 Rxf3 19. Rxf3 Qb6+ 20. Qxb6 axb6 21. a3 Ra4 22. b4 dxc4 23. Rc3 b5 24. Kf2 Kf7 25. Be4 g6 26. Ke3 Bd7 27. Kd4 Ke7 28. Kc5 Ra6 29. h4 b6+ 30. Kd4 Be8 31. Ke3 c5 32. bxc5 bxc5 33. Kf4 Bc6 34. Bc2 Bd5 35. e4 b4 36. axb4 cxb4 37. Rf3 Bc6 38. Kg5 Ra2 39. Kh6 Rxc2 0-1

[Event "Reykjavik Open 2025"]
[Site "Reykjavik"]
[Date "2025.04.11"]
[Round "4.59"]
[White "Frayna, Janelle Mae"]
[Black "Haraldsson, Haraldur"]
[Result "1-0"]
[WhiteElo "2311"]
[WhiteFideId "5212499"]
[BlackElo "1954"]
[BlackFideId "2311100"]
[Variant "Standard"]
[StudyName "ROpen - Rd4 - Boards 45-108"]
1. e4 c5 2. Nc3 Nc6 3. f4 g6 4. Nf3 Bg7 5. a4 d6 6. Bb5 Bd7 7. O-O e6 8. Bxc6 Bxc6 9. f5 Nf6 10. fxe6 fxe6 11. Ng5 Qe7 12. d3 O-O 13. Bd2 h6 14. Nh3 g5 15. Ne2 Nd7 16. Bc3 Rxf1+ 17. Qxf1 Rf8 18. Qe1 Ne5 19. Ng3 Be8 20. Qd2 b6 21. Kh1 Kh7 22. b3 Nc6 23. Bxg7 Qxg7 24. c3 Bg6 25. Rd1 e5 26. Kg1 Rf6 27. Nf2 Qf7 28. Rb1 Rf4 29. Nd1 Ne7 30. Ne3 Qe6 31. b4 Rf7 32. a5 cxb4 33. cxb4 Nc6 34. axb6 axb6 35. Nd5 b5 36. Rc1 Nd4 37. Qa2 Kg7 38. Ne2 Nxe2+ 39. Qxe2 Ra7 40. Qf2 Ra3 41. h4 Rxd3 42. Rc7+ Bf7 43. Ne3 Kg8 44. Nf5 Be8 45. Rg7+ Kf8 46. Nd4+ 1-0

[Event "Reykjavik Open 2025"]
[Site "Reykjavik"]
[Date "2025.04.11"]
[Round "4.60"]
[White "Ternault, Mathieu"]
[Black "Gayon, Benoit"]
[Result "1-0"]
[WhiteElo "2301"]
[WhiteFideId "20641532"]
[BlackElo "1953"]
[BlackFideId "632040"]
[Variant "Standard"]
[StudyName "ROpen - Rd4 - Boards 45-108"]
1. d4 Nf6 2. c4 c5 3. d5 b5 4. cxb5 a6 5. e3 axb5 6. Bxb5 Ba6 7. Bxa6 Nxa6 8. Nc3 g6 9. Nf3 d6 10. Nd2 Bg7 11. O-O O-O 12. e4 Qb6 13. Nc4 Qb4 14. Qe2 Nd7 15. f4 Nb6 16. Nxb6 Qxb6 17. Kh1 Rfb8 18. f5 Nb4 19. Bg5 Rb7 20. h4 Qa6 21. fxg6 hxg6 22. Qf3 f6 23. Bf4 Nd3 24. Qg4 Nxf4 25. Rxf4 e5 26. dxe6 Rxb2 27. Qxg6 Qc4 28. Nd5 Kh8 29. Qh5+ 1-0

[Event "Reykjavik Open 2025"]
[Site "Reykjavik"]
[Date "2025.04.11"]
[Round "4.61"]
[White "Skjoldager, Nicklas"]
[Black "Ragnarsson, Dagur"]
[Result "0-1"]
[WhiteElo "1953"]
[WhiteFideId "1408720"]
[BlackElo "2352"]
[BlackFideId "2304058"]
[Variant "Standard"]
[StudyName "ROpen - Rd4 - Boards 45-108"]
1. f4 d5 2. Nf3 Nf6 3. e3 Bf5 4. b3 e6 5. Bb2 Be7 6. Be2 O-O 7. O-O c5 8. Nh4 h6 9. Nxf5 exf5 10. c4 Nc6 11. d4 cxd4 12. exd4 Rc8 13. Nd2 dxc4 14. Nxc4 Nd5 15. Bf3 Bf6 16. Qd2 b5 17. Ne5 Qd6 18. Rac1 Nde7 19. Rfd1 Rfd8 20. Nxc6 Nxc6 21. Bxc6 Rxc6 22. Rxc6 Qxc6 23. d5 Qc5+ 24. Bd4 Qxd5 25. Bc3 Qe4 26. Qxd8+ Bxd8 27. Rxd8+ Kh7 28. Kf2 a5 29. Rd4 Qb1 30. Rd2 Kg6 31. Re2 Kh5 32. Rd2 g5 33. h3 a4 34. bxa4 bxa4 35. Re2 f6 36. Rd2 Kg6 37. g4 Qh1 38. fxg5 hxg5 39. gxf5+ Kxf5 40. Kg3 Ke4 0-1

[Event "Reykjavik Open 2025"]
[Site "Reykjavik"]
[Date "2025.04.11"]
[Round "4.62"]
[White "Ronka, Erik"]
[Black "Heppert, Lars"]
[Result "1-0"]
[WhiteElo "2295"]
[WhiteFideId "505080"]
[BlackElo "1949"]
[BlackFideId "24668575"]
[Variant "Standard"]
[StudyName "ROpen - Rd4 - Boards 45-108"]
1. e4 c6 2. d4 d5 3. Nd2 dxe4 4. Nxe4 Nf6 5. Nxf6+ exf6 6. Be3 Bd6 7. Bd3 O-O 8. Ne2 Re8 9. O-O Bg4 10. c4 f5 11. h3 Qh4 12. Re1 f4 13. Bxf4 Rxe2 14. Bxe2 Bxe2 15. Bxd6 Nd7 16. Qxe2 Nf6 17. Be7 h6 18. Bxf6 Qxf6 19. Qe5 1-0